NCAA Institutions in South Dakota - Statistics

General Stats
  • This quiz has been taken 34 times
  • The average score is 6 of 7
Answer Stats
Conference School Team Name % Correct
Division I Summit South Dakota Coyotes
100%
Division I Summit South Dakota State Jackrabbits
100%
Division II Northern Sun Augustana Vikings
75%
Division II Northern Sun Sioux Falls Cougars
75%
Division II Northern Sun Northern State Wolves
71%
Division II Rocky Mountain South Dakota School of Mines & Technology Hardrockers
71%
Division II Rocky Mountain Black Hills State Yellow Jackets
67%
No matching quizzes found
Score Distribution
Percent of People with Each Score
Percentile by Number Answered
Your Score History
You have not taken this quiz